Los escritos apócrifos cristianos
Guardat en:
| Autor principal: | |
|---|---|
| Format: | Llibre |
| Idioma: | espanyol |
| Publicat: |
Pamplona
Verbo Divino
2010
|
| Col·lecció: | Cuadernos Bíblicos, 148
|
| Matèries: | |
| Etiquetes: |
Afegir etiqueta
Sense etiquetes, Sigues el primer a etiquetar aquest registre!
|
MARC
| LEADER | 00000cam a2200000 a 4500 | ||
|---|---|---|---|
| 001 | UCG7900 | ||
| 003 | CL-VaPUC | ||
| 008 | 111021e20100000SP |||||||||||||||||spa|d | ||
| 020 | |a 9788499451206 | ||
| 082 | 0 | 4 | |a 229.8 |b PRI |2 21 |
| 100 | 0 | |a Prieur, Jean-Marc |e author |9 558391 | |
| 245 | 1 | 4 | |a Los escritos apócrifos cristianos |
| 300 | |a 63 p | ||
| 942 | |c BK | ||
| 945 | |d 20111021 00:00:00 |a dcastane | ||
| 260 | |a Pamplona |b Verbo Divino |c 2010 | ||
| 650 | 0 | |a Antiguo testamento |9 313678 | |
| 650 | 0 | |a Evangelios apócrifos |9 269345 | |
| 583 | |a last modification |c 20111021 10:47:00 |k Rodrigo Vera | ||
| 490 | 0 | |a Cuadernos Bíblicos, 148 | |
| 999 | |c 345588 |d 345586 | ||
| 952 | |0 0 |1 0 |4 0 |6 229_800000000000000_PRI_2010 |7 0 |8 A |9 444500 |a BIBTEO |b BIBTEO |d 2019-11-22 |i 4782739 |o 229.8 PRI 2010 |p 4782739 |r 2025-01-17 |w 2019-11-22 |y BK |k ICR | ||
| 952 | |0 0 |1 0 |3 erb |4 0 |6 229_800000000000000_PRI_2010 |7 0 |8 A |9 444501 |a BIBTEO |b BIBTEO |i 5296099 |o 229.8 PRI 2010 |p 5296099 |r 2025-01-17 |w 2019-11-22 |y BK |z Catalogado en:20160708 |k ICR | ||